[Event "Kolkata op 3rd"]
[Site "Kolkata"]
[Date "2008.03.30"]
[Round "7"]
[White "Lputian, Smbat G"]
[Black "Ramakrishna, J."]
[Result "1-0"]
[WhiteElo "2616"]
[BlackElo "2296"]
[PlyCount "85"]
[EventDate "2008.03.24"]
[EventType "swiss"]
[EventRounds "10"]
[EventCountry "IND"]
[SourceTitle "CBM 123 Extra"]
[Source "ChessBase"]
[SourceDate "2008.05.06"]
[SourceVersion "1"]
[SourceVersionDate "2008.05.06"]
[SourceQuality "1"]

1. d4 Nf6 2. c4 g6 3. g3 Bg7 4. Bg2 d5 5. cxd5 Nxd5 6. e4 Nb6 7. Ne2 0-0 8. 0-0 Nc6 9. d5 Na5 10. Nbc3 c6 11. b3 cxd5 12. exd5 Bg4 13. Bd2 e6 14. dxe6 Bxe6 15. Ne4 Nc6 16. Rc1 Bg4 17. h3 Bxe2 18. Qxe2 Nd4 19. Qd3 Ne6 20. Qe2 Nd4 21. Qd1 Rc8 22. Rxc8 Nxc8 23. Bg5 Qb6 24. Qd2 Nd6 25. Nxd6 Qxd6 26. Bxb7 Qd7 27. Bg2 Rc8 28. Rd1 Qf5 29. Be3 Ne6 30. Qd5 Qf6 31. Qa5 h5 32. h4 Rc2 33. Qxa7 Qb2 34. Be4 Rc7 35. Qa5 Be5 36. Rb1 Qc3 37. Qxc3 Rxc3 38. Rc1 Rxc1+ 39. Bxc1 Kf8 40. Bd5 Ke7 41. Bxe6 Kxe6 42. Kf1 Kd5 43. Ke2 1-0

[Event "Kolkata op 3rd"]
[Site "Kolkata"]
[Date "2008.03.29"]
[Round "6"]
[White "Nolte, Rolando"]
[Black "Lputian, Smbat G"]
[Result "1-0"]
[WhiteElo "2412"]
[BlackElo "2616"]
[PlyCount "85"]
[EventDate "2008.03.24"]
[EventType "swiss"]
[EventRounds "10"]
[EventCountry "IND"]
[SourceTitle "CBM 123 Extra"]
[Source "ChessBase"]
[SourceDate "2008.05.06"]
[SourceVersion "1"]
[SourceVersionDate "2008.05.06"]
[SourceQuality "1"]

1. e4 e6 2. d4 d5 3. Nd2 Nc6 4. Ngf3 Nf6 5. e5 Nd7 6. Bb5 a6 7. Bxc6 bxc6 8. Nb3 c5 9. Bg5 Be7 10. h4 h6 11. Be3 cxd4 12. Qxd4 c5 13. Qg4 g6 14. c4 d4 15. Bf4 Bb7 16. Nbd2 Qc7 17. 0-0-0 Bc6 18. Kb1 Rb8 19. Ka1 Qb7 20. Rb1 Bd8 21. Rhd1 Ba5 22. Ne1 Bxd2 23. Rxd2 a5 24. Qg3 a4 25. Rc1 Qa8 26. f3 Kf8 27. Nd3 Kg7 28. Qf2 Rb3 29. Rcc2 Rhb8 30. Nc1 R3b6 31. Nd3 R8b7 32. Rd1 Ra7 33. Qd2 h5 34. Bh6+ Kh7 35. Bg5 Qf8 36. Qf4 Qg7 37. g4 Rb3 38. Re2 Rb8 39. Rg1 Rg8 40. Reg2 Raa8 41. Be7 f5 42. exf6 e5 43. Nxe5 1-0

[Event "Kolkata op 3rd"]
[Site "Kolkata"]
[Date "2008.03.28"]
[Round "5"]
[White "Rahman, Ziaur"]
[Black "Lputian, Smbat G"]
[Result "1-0"]
[WhiteElo "2492"]
[BlackElo "2616"]
[PlyCount "77"]
[EventDate "2008.03.24"]
[EventType "swiss"]
[EventRounds "10"]
[EventCountry "IND"]
[SourceTitle "CBM 123 Extra"]
[Source "ChessBase"]
[SourceDate "2008.05.06"]
[SourceVersion "1"]
[SourceVersionDate "2008.05.06"]
[SourceQuality "1"]

1. Nf3 Nf6 2. c4 g6 3. Nc3 d5 4. Qa4+ Bd7 5. Qb3 dxc4 6. Qxc4 a6 7. d4 b5 8. Qb3 Nc6 9. Bf4 Bg7 10. e3 Nh5 11. Bg5 h6 12. Bh4 g5 13. Bg3 Nxg3 14. hxg3 Na5 15. Qc2 c5 16. d5 e6 17. Rd1 Qb6 18. Be2 c4 19. Nd4 0-0-0 20. dxe6 Bxe6 21. Nxe6 Qxe6 22. 0-0 Rxd1 23. Rxd1 Rd8 24. Rxd8+ Kxd8 25. Nxb5 axb5 26. Qd2+ Ke7 27. Qxa5 Qe5 28. Qb4+ Kd8 29. Bf3 Qxb2 30. Qd6+ Kc8 31. Qc6+ Kd8 32. Qb6+ Ke7 33. Qc7+ Ke6 34. Bg4+ Kd5 35. Qxf7+ Kc5 36. a3 Qe5 37. Qa7+ Kd6 38. Qd7+ Kc5 39. Bf3 1-0

[Event "Kolkata op 3rd"]
[Site "Kolkata"]
[Date "2008.03.27"]
[Round "4"]
[White "Lputian, Smbat G"]
[Black "Thejkumar, MS."]
[Result "1-0"]
[WhiteElo "2616"]
[BlackElo "2382"]
[PlyCount "60"]
[EventDate "2008.03.24"]
[EventType "swiss"]
[EventRounds "10"]
[EventCountry "IND"]
[SourceTitle "CBM 123 Extra"]
[Source "ChessBase"]
[SourceDate "2008.05.06"]
[SourceVersion "1"]
[SourceVersionDate "2008.05.06"]
[SourceQuality "1"]

1. d4 d5 2. c4 e6 3. Nf3 Nf6 4. g3 Bb4+ 5. Bd2 Be7 6. Bg2 0-0 7. 0-0 c6 8. Qc2 Nbd7 9. Bf4 b6 10. Rd1 Ba6 11. Nbd2 Rc8 12. Rac1 Nh5 13. Be3 f5 14. Qa4 Bxc4 15. Nxc4 b5 16. Qxa7 bxc4 17. b3 cxb3 18. axb3 Rc7 19. Qa4 Qa8 20. Bg5 Bd6 21. Bd2 Qxa4 22. bxa4 h6 23. a5 Nhf6 24. e3 g5 25. Bf1 Ne4 26. a6 Rb8 27. Ba5 Ra7 28. Rxc6 Rb2 29. Nd2 Ndf6 30. Nxe4 Nxe4 1-0

[Event "Kolkata op 3rd"]
[Site "Kolkata"]
[Date "2008.03.25"]
[Round "2"]
[White "Mohota, Nisha"]
[Black "Lputian, Smbat G"]
[Result "0-1"]
[WhiteElo "2409"]
[BlackElo "2616"]
[PlyCount "100"]
[EventDate "2008.03.24"]
[EventType "swiss"]
[EventRounds "10"]
[EventCountry "IND"]
[SourceTitle "CBM 123 Extra"]
[Source "ChessBase"]
[SourceDate "2008.05.06"]
[SourceVersion "1"]
[SourceVersionDate "2008.05.06"]
[SourceQuality "1"]

1. d4 e6 2. c4 Bb4+ 3. Nc3 Nf6 4. Qc2 0-0 5. a3 Bxc3+ 6. Qxc3 Ne4 7. Qc2 f5 8. Nh3 d6 9. f3 Nf6 10. e3 Qe7 11. Bd2 e5 12. dxe5 dxe5 13. Nf2 Nc6 14. 0-0-0 Be6 15. Be2 a5 16. Nd3 Nd7 17. Kb1 Nb6 18. Nf2 Kh8 19. Rc1 Rfd8 20. Rhd1 Qh4 21. Nh3 f4 22. Be1 Qh6 23. exf4 Nd4 24. Rxd4 Rxd4 25. Bc3 Bxh3 26. Bxd4 exd4 27. gxh3 Qxf4 28. Bd3 Qh6 29. c5 Nd7 30. Re1 Nxc5 31. Qxc5 Qd2 32. Re7 Qxd3+ 33. Ka2 a4 34. Rxc7 h6 35. Qe5 Rg8 36. Rd7 Qb3+ 37. Kb1 Qxf3 38. Qxd4 b5 39. Qd5 Qxh3 40. Qxb5 Qxh2 41. Qxa4 Qe5 42. Qd4 Qxd4 43. Rxd4 g5 44. b4 g4 45. Rd6 Kh7 46. Rd1 g3 47. Rg1 h5 48. Kc2 h4 49. Kd2 g2 50. Ke2 h3 0-1

[Event "ARM-ch 68th"]
[Site "Yerevan"]
[Date "2008.01.19"]
[Round "11"]
[White "Nalbandian, Tigran"]
[Black "Lputian, Smbat G"]
[Result "1-0"]
[WhiteElo "2505"]
[BlackElo "2616"]
[PlyCount "77"]
[EventDate "2008.01.08"]
[EventType "tourn"]
[EventRounds "13"]
[EventCountry "ARM"]
[EventCategory "12"]
[SourceTitle "CBM 122"]
[Source "ChessBase"]
[SourceDate "2008.01.30"]
[SourceVersion "1"]
[SourceVersionDate "2008.01.30"]
[SourceQuality "1"]

1. Nf3 d5 2. g3 Nf6 3. Bg2 e6 4. 0-0 Be7 5. d3 0-0 6. Nbd2 c5 7. e4 Nc6 8. Re1 b5 9. exd5 exd5 10. a4 b4 11. Nf1 Re8 12. Bf4 Be6 13. h3 Bd6 14. Qd2 b3 15. c3 Rb8 16. Ne5 Nxe5 17. Bxe5 Bxe5 18. Rxe5 Qd6 19. Rae1 Qa6 20. d4 Qxa4 21. dxc5 Nd7 22. Rh5 Nf6 23. Rhe5 Red8 24. Ne3 d4 25. cxd4 Rxd4 26. Qc3 Ne4 27. Qc1 Rc8 28. Nf5 Rc4 29. Qe3 Bxf5 30. Rxf5 g6 31. Re5 Nf6 32. c6 Kg7 33. Re7 R4xc6 34. Bxc6 Rxc6 35. Qxa7 Qxa7 36. Rxa7 Nd5 37. Rb7 Nb6 38. Re3 Nc4 39. Rf3 1-0

[Event "ARM-ch 68th"]
[Site "Yerevan"]
[Date "2008.01.13"]
[Round "6"]
[White "Lputian, Smbat G"]
[Black "Petrosian, Tigran L"]
[Result "1/2-1/2"]
[WhiteElo "2616"]
[BlackElo "2606"]
[PlyCount "120"]
[EventDate "2008.01.08"]
[EventType "tourn"]
[EventRounds "13"]
[EventCountry "ARM"]
[EventCategory "12"]
[SourceTitle "CBM 122"]
[Source "ChessBase"]
[SourceDate "2008.01.30"]
[SourceVersion "1"]
[SourceVersionDate "2008.01.30"]
[SourceQuality "1"]

1. d4 Nf6 2. c4 c5 3. d5 g6 4. Nc3 Bg7 5. e4 d6 6. Bd3 0-0 7. h3 e6 8. Nf3 exd5 9. exd5 Re8+ 10. Be3 Rxe3+ 11. fxe3 Qe7 12. 0-0 Nfd7 13. Qe2 Ne5 14. Nxe5 Bxe5 15. Rf3 Bxc3 16. bxc3 Nd7 17. Raf1 Ne5 18. Rf6 Bf5 19. R6xf5 gxf5 20. Bxf5 Qg5 21. Rf4 Qg3 22. Re4 a6 23. Qh5 h6 24. Bg4 Kg7 25. Qf5 Rg8 26. Qf4 Qxf4 27. exf4 Nxg4 28. hxg4 Kf6 29. Kf2 Rxg4 30. g3 Rg8 31. Re1 b5 32. Rb1 Rb8 33. a3 h5 34. Kf3 Kf5 35. Rb2 Re8 36. cxb5 axb5 37. Rxb5 Ra8 38. Rb7 f6 39. Rh7 Rxa3 40. Rxh5+ Kg6 41. g4 Rxc3+ 42. Ke4 Rc4+ 43. Ke3 Rd4 44. f5+ Kg7 45. g5 fxg5 46. Rxg5+ Kf6 47. Rg6+ Ke5 48. Re6+ Kxd5 49. Re7 Rd1 50. f6 Rf1 51. f7 Rf6 52. Kd3 Rf5 53. Ke3 c4 54. Rc7 Rf1 55. Ke2 Rf6 56. Ke3 Rf5 57. Re7 Kc6 58. Kd4 d5 59. Ra7 Kd6 60. f8Q+ Rxf8 1/2-1/2

[Event "ARM-ch 68th"]
[Site "Yerevan"]
[Date "2008.01.11"]
[Round "4"]
[White "Lputian, Smbat G"]
[Black "Minasian, Ara"]
[Result "1/2-1/2"]
[WhiteElo "2616"]
[BlackElo "2466"]
[PlyCount "122"]
[EventDate "2008.01.08"]
[EventType "tourn"]
[EventRounds "13"]
[EventCountry "ARM"]
[EventCategory "12"]
[SourceTitle "CBM 122"]
[Source "ChessBase"]
[SourceDate "2008.01.30"]
[SourceVersion "1"]
[SourceVersionDate "2008.01.30"]
[SourceQuality "1"]

1. d4 d5 2. c4 c6 3. Nc3 Nf6 4. e3 a6 5. Nf3 b5 6. c5 Bg4 7. Qb3 Bxf3 8. gxf3 e5 9. a4 Nbd7 10. Na2 Qc8 11. Nb4 a5 12. Nd3 exd4 13. exd4 b4 14. f4 g6 15. Ne5 Nh5 16. Bg2 Nxe5 17. Qe3 Bh6 18. Qxe5+ Qe6 19. 0-0 Qxe5 20. fxe5 Bxc1 21. Rfxc1 Nf4 22. Bf1 Ne6 23. Rd1 f6 24. Rd2 fxe5 25. Re1 e4 26. f3 e3 27. Rxe3 Kf7 28. Kf2 Rhe8 29. Bh3 Ra7 30. Bxe6+ Rxe6 31. Rxe6 Kxe6 32. Re2+ Kf7 33. f4 b3 34. f5 Rb7 35. Re6 Rb4 36. Rxc6 Rxd4 37. fxg6+ hxg6 38. Rb6 Rd2+ 39. Ke3 Rxb2 40. Kd4 Rd2+ 41. Ke5 Re2+ 42. Kxd5 b2 43. h3 Rd2+ 44. Kc6 Ke7 45. Kb7 Rd7+ 46. Ka6 Rc7 47. Rxb2 Rxc5 48. Rb5 Rc3 49. Kxa5 Rxh3 50. Kb6 Kd6 51. a5 Rh8 52. Kb7 Rh7+ 53. Ka8 Kc6 54. Rb6+ Kc5 55. Rb7 Rh8+ 56. Ka7 Rg8 57. Rc7+ Kd5 58. Kb6 g5 59. a6 Ke4 60. a7 Ra8 61. Rb7 Kf4 1/2-1/2

[Event "EU-chT (Men) 16th"]
[Site "Heraklion"]
[Date "2007.10.31"]
[Round "4.4"]
[White "Schandorff, Lars"]
[Black "Lputian, Smbat G"]
[Result "1/2-1/2"]
[WhiteElo "2520"]
[BlackElo "2633"]
[PlyCount "145"]
[EventDate "2007.10.28"]
[EventType "team-swiss"]
[EventRounds "9"]
[EventCountry "GRE"]
[SourceTitle "CBM 121"]
[Source "ChessBase"]
[SourceDate "2007.11.14"]
[SourceVersion "1"]
[SourceVersionDate "2007.11.14"]
[SourceQuality "1"]
[WhiteTeam "Denmark"]
[BlackTeam "Armenia"]
[WhiteTeamCountry "DEN"]
[BlackTeamCountry "ARM"]

1. d4 e6 2. c4 d5 3. Nf3 Nf6 4. Nc3 Be7 5. Bf4 0-0 6. e3 Nbd7 7. a3 Nh5 8. Be5 c6 9. h3 b6 10. Bd3 Bb7 11. Bh2 Nhf6 12. 0-0 c5 13. Qe2 cxd4 14. Nxd4 Nc5 15. Bc2 dxc4 16. Qxc4 Rc8 17. Qa2 Bd6 18. Bxd6 Qxd6 19. Rad1 Qe5 20. Rfe1 Qg5 21. e4 Nh5 22. Nf3 Qg6 23. Ne5 Qg5 24. Nf3 Qf6 25. Re3 Nf4 26. e5 Qh6 27. Qb1 Rfd8 28. Rxd8+ Rxd8 29. b4 Na6 30. Be4 Bxe4 31. Qxe4 Nc7 32. Nh2 Ncd5 33. Ng4 Qg5 34. Rg3 Nxc3 35. Rxc3 Qf5 36. Re3 h5 37. Qxf5 exf5 38. Nh2 Rd1+ 39. Nf1 h4 40. g3 hxg3 41. fxg3 Nxh3+ 42. Kg2 Ng5 43. Rc3 Rd5 44. Rc8+ Kh7 45. Rc7 Rxe5 46. Rxa7 Re2+ 47. Kh1 Kg6 48. Rb7 Kh5 49. Rxb6 Kg4 50. Rc6 Nf3 51. Rc2 Rxc2 52. Ne3+ Kxg3 53. Nxc2 Kf2 54. b5 Ne5 55. b6 Nd7 56. b7 g5 57. Nb4 g4 58. Nd3+ Ke3 59. Ne5 Nb8 60. Kg2 f6 61. Nc4+ Kd4 62. Nd6 f4 63. Kf2 Ke5 64. Nb5 f3 65. Ke3 f5 66. a4 Kd5 67. Nc7+ Kd6 68. Nb5+ Kc5 69. Nc7 Kb4 70. Nd5+ Kxa4 71. Ne7 f4+ 72. Kf2 Kb5 73. Ng6 1/2-1/2

[Event "EU-Cup 23rd"]
[Site "Kemer"]
[Date "2007.10.06"]
[Round "4.2"]
[White "Lputian, Smbat G"]
[Black "Smirin, Ilia"]
[Result "1/2-1/2"]
[WhiteElo "2633"]
[BlackElo "2649"]
[PlyCount "59"]
[EventDate "2007.10.03"]
[EventType "team-swiss"]
[EventRounds "7"]
[EventCountry "TUR"]
[SourceTitle "CBM 121"]
[Source "ChessBase"]
[SourceDate "2007.11.14"]
[SourceVersion "1"]
[SourceVersionDate "2007.11.14"]
[SourceQuality "1"]
[WhiteTeam "Yerevan"]
[BlackTeam "Ashdod"]
[WhiteTeamCountry "ARM"]
[BlackTeamCountry "ISR"]

1. d4 Nf6 2. c4 g6 3. Nc3 Bg7 4. e4 d6 5. Nf3 0-0 6. Be2 e5 7. 0-0 Nc6 8. d5 Ne7 9. b4 a5 10. bxa5 c5 11. a4 Rxa5 12. Ra3 Ra6 13. Ne1 Nd7 14. Nd3 Nb6 15. Qb3 f5 16. exf5 Nxf5 17. Nb5 Nd7 18. f4 e4 19. Nf2 Re8 20. Qc2 Nf6 21. Bb2 Bd7 22. Bxf6 Bxf6 23. Nxe4 Nd4 24. Nxd4 Bxd4+ 25. Kh1 Bxa4 26. Rxa4 Rxa4 27. Qxa4 Rxe4 28. Bd3 Re3 29. Qc2 Qh4 30. Qb1 1/2-1/2

[Event "RUS-chT 14th"]
[Site "Sochi"]
[Date "2007.05.10"]
[Round "9"]
[White "Onischuk, Alexander"]
[Black "Lputian, Smbat G"]
[Result "1/2-1/2"]
[WhiteElo "2663"]
[BlackElo "2634"]
[PlyCount "29"]
[EventDate "2007.05.02"]
[EventType "team-tourn"]
[EventRounds "9"]
[EventCountry "RUS"]
[SourceTitle "EXT 2020"]
[Source "ChessBase"]
[SourceDate "2019.10.17"]
[SourceVersion "1"]
[SourceVersionDate "2019.10.17"]
[SourceQuality "1"]
[WhiteTeam "Moscow Youth"]
[BlackTeam "Cheliabinsk Yuzhnyy Ural"]
[WhiteTeamCountry "RUS"]
[BlackTeamCountry "RUS"]

1. d4 d5 2. c4 e6 3. Nc3 Be7 4. Nf3 Nf6 5. cxd5 exd5 6. Bg5 c6 7. e3 Bf5 8. Bd3 Bxd3 9. Qxd3 Nbd7 10. 0-0 0-0 11. Rab1 a5 12. Qc2 Re8 13. h3 Ne4 14. Bxe7 Qxe7 15. Nxe4 1/2-1/2

[Event "RUS-chT 14th"]
[Site "Sochi"]
[Date "2007.05.09"]
[Round "8"]
[White "Morozevich, Alexander"]
[Black "Lputian, Smbat G"]
[Result "1-0"]
[WhiteElo "2762"]
[BlackElo "2634"]
[PlyCount "79"]
[EventDate "2007.05.02"]
[EventType "team-tourn"]
[EventRounds "9"]
[EventCountry "RUS"]
[SourceTitle "EXT 2020"]
[Source "ChessBase"]
[SourceDate "2019.10.17"]
[SourceVersion "1"]
[SourceVersionDate "2019.10.17"]
[SourceQuality "1"]
[WhiteTeam "Tomsk 400"]
[BlackTeam "Cheliabinsk Yuzhnyy Ural"]
[WhiteTeamCountry "RUS"]
[BlackTeamCountry "RUS"]

1. e4 e6 2. d4 d5 3. Nc3 Bb4 4. e5 Ne7 5. a3 Bxc3+ 6. bxc3 c5 7. h4 Nbc6 8. h5 Qa5 9. Bd2 Bd7 10. h6 gxh6 11. Rb1 0-0-0 12. Rb5 Qa4 13. Qb1 Na5 14. Rxc5+ Kb8 15. Rh3 b6 16. Rf3 Ka8 17. Rb5 Nc4 18. Rb4 Nxa3 19. Rxa4 Nxb1 20. Ra1 Nxd2 21. Kxd2 Rdf8 22. Bd3 Rhg8 23. g3 h5 24. Ne2 h4 25. Rh1 hxg3 26. Nxg3 Rh8 27. Nh5 Ng8 28. Rg1 f5 29. Rg7 Bc8 30. Nf4 Nh6 31. c4 dxc4 32. Bxc4 Rd8 33. c3 Ng4 34. Ke2 Rhe8 35. Rh3 Rd7 36. Rxd7 Bxd7 37. Rxh7 b5 38. Bb3 Bc8 39. f3 a5 40. fxg4 1-0

[Event "RUS-chT 14th"]
[Site "Sochi"]
[Date "2007.05.07"]
[Round "6"]
[White "Lputian, Smbat G"]
[Black "Bareev, Evgeny"]
[Result "1/2-1/2"]
[WhiteElo "2634"]
[BlackElo "2643"]
[PlyCount "23"]
[EventDate "2007.05.02"]
[EventType "team-tourn"]
[EventRounds "9"]
[EventCountry "RUS"]
[SourceTitle "EXT 2020"]
[Source "ChessBase"]
[SourceDate "2019.10.17"]
[SourceVersion "1"]
[SourceVersionDate "2019.10.17"]
[SourceQuality "1"]
[WhiteTeam "Cheliabinsk Yuzhnyy Ural"]
[BlackTeam "Cheboksary Elara"]
[WhiteTeamCountry "RUS"]
[BlackTeamCountry "RUS"]

1. d4 Nf6 2. c4 e6 3. Nf3 d5 4. Nc3 c6 5. cxd5 exd5 6. Qc2 Be7 7. Bg5 Nbd7 8. e3 Nh5 9. Bxe7 Qxe7 10. Bd3 Nf4 11. 0-0 Nxd3 12. Qxd3 1/2-1/2

[Event "RUS-chT 14th"]
[Site "Sochi"]
[Date "2007.05.02"]
[Round "1"]
[White "Alekseev, Evgeny V"]
[Black "Lputian, Smbat G"]
[Result "1-0"]
[WhiteElo "2679"]
[BlackElo "2634"]
[PlyCount "73"]
[EventDate "2007.05.02"]
[EventType "team-tourn"]
[EventRounds "9"]
[EventCountry "RUS"]
[SourceTitle "EXT 2020"]
[Source "ChessBase"]
[SourceDate "2019.10.17"]
[SourceVersion "1"]
[SourceVersionDate "2019.10.17"]
[SourceQuality "1"]
[WhiteTeam "Saratov Economist SGSEU"]
[BlackTeam "Cheliabinsk Yuzhnyy Ural"]
[WhiteTeamCountry "RUS"]
[BlackTeamCountry "RUS"]

1. e4 e6 2. d4 d5 3. Nc3 Bb4 4. e5 Ne7 5. a3 Bxc3+ 6. bxc3 c5 7. Qg4 0-0 8. Bd3 Nbc6 9. Qh5 Ng6 10. Nf3 Qc7 11. Be3 Nce7 12. h4 Nf5 13. 0-0 c4 14. Bxf5 exf5 15. Qg5 f6 16. exf6 Rxf6 17. h5 h6 18. Qg3 f4 19. Qh2 Bg4 20. hxg6 Bxf3 21. gxf3 Raf8 22. Rfe1 Qd6 23. Bd2 Rf5 24. Kh1 Qxg6 25. Rg1 Rg5 26. Rxg5 hxg5 27. Kg2 g4 28. Re1 Qxc2 29. Qh5 gxf3+ 30. Kxf3 Qd3+ 31. Kg4 Qxd2 32. Qxd5+ Kh7 33. Rh1+ Kg6 34. Qe6+ Rf6 35. Qe8+ Rf7 36. Qe4+ Kf6 37. Qe5+ 1-0

[Event "EU-Cup 22nd"]
[Site "Fuegen"]
[Date "2006.10.12"]
[Round "5.2"]
[White "Lputian, Smbat G"]
[Black "Jakovenko, Dmitrij"]
[Result "1-0"]
[WhiteElo "2634"]
[BlackElo "2671"]
[PlyCount "99"]
[EventDate "2006.10.08"]
[EventType "team-swiss"]
[EventRounds "7"]
[EventCountry "AUT"]
[SourceTitle "CBM 115"]
[Source "ChessBase"]
[SourceDate "2006.11.15"]
[SourceVersion "1"]
[SourceVersionDate "2006.11.15"]
[SourceQuality "1"]
[WhiteTeam "Yerevan"]
[BlackTeam "Tomsk 400"]
[WhiteTeamCountry "ARM"]
[BlackTeamCountry "RUS"]

1. d4 d5 2. c4 c6 3. Nf3 Nf6 4. e3 a6 5. Nc3 b5 6. c5 Nbd7 7. a3 a5 8. Bd3 e5 9. dxe5 Ng4 10. e6 fxe6 11. Nd4 Nxc5 12. Be2 Ne5 13. f4 Nc4 14. b3 Nd6 15. Nxc6 Qb6 16. Nd4 Bd7 17. 0-0 Be7 18. f5 Nxf5 19. Nxf5 exf5 20. Nxd5 Qd6 21. Bh5+ g6 22. Bf3 Rd8 23. Bb2 Rf8 24. Qc2 Rc8 25. Rfd1 Ne4 26. Qd3 Bc6 27. Rac1 Rd8 28. Nxe7 Qxd3 29. Rxd3 Rxd3 30. Nxc6 Rxb3 31. Rc2 Rxe3 32. Be2 Kf7 33. g3 g5 34. Bxb5 Nd6 35. Be2 Rc8 36. Kf1 h6 37. a4 Ke8 38. Ba6 Ra8 39. Bd4 Re6 40. Bd3 Rc8 41. Nxa5 Rxc2 42. Bxc2 Kd7 43. Nb7 Re8 44. Nxd6 Kxd6 45. Bxf5 Rf8 46. g4 h5 47. h3 hxg4 48. hxg4 Ra8 49. Bc2 Rc8 50. Bd1 1-0

[Event "Olympiad-37"]
[Site "Turin"]
[Date "2006.05.24"]
[Round "4"]
[White "Lputian, Smbat G"]
[Black "Gausel, Einar"]
[Result "1-0"]
[WhiteElo "2619"]
[BlackElo "2509"]
[PlyCount "43"]
[EventDate "2006.05.21"]
[EventType "team-swiss"]
[EventRounds "13"]
[EventCountry "ITA"]
[SourceTitle "CBM 113"]
[Source "ChessBase"]
[SourceDate "2006.07.31"]
[SourceVersion "1"]
[SourceVersionDate "2006.07.31"]
[SourceQuality "1"]
[WhiteTeam "Armenia"]
[BlackTeam "Norway"]
[WhiteTeamCountry "ARM"]
[BlackTeamCountry "NOR"]

1. d4 d5 2. c4 c6 3. Nf3 Nf6 4. e3 e6 5. Bd3 dxc4 6. Bxc4 Nbd7 7. 0-0 Bd6 8. b3 0-0 9. Bb2 Qc7 10. Nc3 e5 11. h3 exd4 12. Nxd4 Bc5 13. Nf3 b6 14. Qc2 Bb7 15. Rad1 Rae8 16. Ng5 h6 17. Nce4 Nxe4 18. Nxe4 Ne5 19. Nxc5 Nxc4 20. Rd7 Qc8 21. Qxc4 bxc5 22. Qg4 1-0

[Event "Olympiad-37"]
[Site "Turin"]
[Date "2006.05.22"]
[Round "2"]
[White "Lputian, Smbat G"]
[Black "Aikhoje, Odion"]
[Result "1/2-1/2"]
[WhiteElo "2619"]
[BlackElo "2253"]
[PlyCount "164"]
[EventDate "2006.05.21"]
[EventType "team-swiss"]
[EventRounds "13"]
[EventCountry "ITA"]
[SourceTitle "CBM 113"]
[Source "ChessBase"]
[SourceDate "2006.07.31"]
[SourceVersion "1"]
[SourceVersionDate "2006.07.31"]
[SourceQuality "1"]
[WhiteTeam "Armenia"]
[BlackTeam "Nigeria"]
[WhiteTeamCountry "ARM"]
[BlackTeamCountry "NGR"]

1. d4 Nf6 2. c4 c5 3. d5 a6 4. a4 e5 5. Nc3 d6 6. a5 Be7 7. g3 0-0 8. e4 Ne8 9. Bg2 Nd7 10. Nge2 Rb8 11. 0-0 b5 12. axb6 Qxb6 13. Qd3 g6 14. Bd2 Ng7 15. Na4 Qc7 16. Rab1 f5 17. f3 Nf6 18. b3 Bd7 19. Qc2 Rb7 20. Nb2 Rfb8 21. Nd3 a5 22. Rb2 Bd8 23. Ra1 Ra7 24. Rba2 Qb7 25. Ra3 Rba8 26. Nc3 fxe4 27. fxe4 Qc8 28. Qd1 Bh3 29. Qf1 Bxg2 30. Qxg2 Nge8 31. Nb5 Rf7 32. h3 Nh5 33. Nf2 Rf8 34. Ng4 Qd7 35. Bxa5 Rxa5 36. Rxa5 Bxa5 37. Rxa5 Qd8 38. Ra2 Qg5 39. Kh2 Qc1 40. Rf2 Rxf2 41. Qxf2 Kg7 42. Kg2 Qb1 43. Qf3 Qa2+ 44. Nf2 Nhf6 45. Qe3 Kf7 46. Kf3 Ke7 47. Qd3 Kd7 48. Qd1 Qb2 49. Na7 Qa2 50. Nc6 Qb2 51. Kg2 h5 52. Qf3 Qd2 53. Kf1 Qc1+ 54. Kg2 Qd2 55. Qd3 Qxd3 56. Nxd3 Nxe4 57. Na5 Ng7 58. g4 h4 59. b4 cxb4 60. Nxb4 Nc5 61. Nc2 Ne8 62. Ne1 e4 63. Nc6 Nf6 64. Nd4 Ke7 65. Kf2 Nfd7 66. Ke3 Ne5 67. Nc6+ Kf6 68. Nxe5 Kxe5 69. Nc2 g5 70. Nd4 Nd3 71. Nc6+ Kf6 72. Kxe4 Nf2+ 73. Ke3 Nxh3 74. Nd4 Nf4 75. Nf3 Ng6 76. Nd2 Ne5 77. Ne4+ Kg6 78. Nxd6 Nxg4+ 79. Kf3 Ne5+ 80. Kg2 Nd7 81. Nb7 Kf5 82. c5 Nxc5 1/2-1/2

[Event "ARM-chT clubs"]
[Site "Yerevan"]
[Date "2006.01.??"]
[Round "?"]
[White "Petrosian, Davit Gevorgi"]
[Black "Lputian, Smbat G"]
[Result "0-1"]
[WhiteElo "2352"]
[BlackElo "2613"]
[PlyCount "54"]
[EventDate "2006.01.??"]
[EventType "team-tourn"]
[EventRounds "4"]
[EventCountry "ARM"]
[SourceTitle "CBM 110 Extra"]
[Source "ChessBase"]
[SourceDate "2006.03.10"]
[SourceVersion "2"]
[SourceVersionDate "2006.03.10"]
[SourceQuality "1"]

1. e4 e6 2. d4 d5 3. Nc3 Bb4 4. e5 Ne7 5. a3 Bxc3+ 6. bxc3 c5 7. Qg4 cxd4 8. Qxg7 Rg8 9. Qxh7 Qc7 10. Ne2 Nbc6 11. f4 dxc3 12. Qd3 Bd7 13. Nxc3 a6 14. Rb1 Na5 15. h4 Nf5 16. Rh3 Qc5 17. h5 0-0-0 18. Bd2 Nc4 19. h6 Rg6 20. h7 Rh8 21. Qf3 Nxd2 22. Kxd2 Rxh7 23. Bxa6 bxa6 24. Nxd5 Rxh3 25. Nb6+ Kd8 26. gxh3 Qd4+ 27. Ke2 Rg3 0-1

[Event "WchT 6th"]
[Site "Beersheba"]
[Date "2005.11.10"]
[Round "9.4"]
[White "Lputian, Smbat G"]
[Black "Quesada Perez, Yuniesky"]
[Result "1/2-1/2"]
[WhiteElo "2614"]
[BlackElo "2505"]
[PlyCount "29"]
[EventDate "2005.11.01"]
[EventType "team-tourn"]
[EventRounds "9"]
[EventCountry "ISR"]
[SourceTitle "CBM 110"]
[Source "ChessBase"]
[SourceDate "2006.01.31"]
[SourceVersion "1"]
[SourceVersionDate "2006.01.31"]
[SourceQuality "1"]
[WhiteTeam "Armenia"]
[BlackTeam "Cuba"]
[WhiteTeamCountry "ARM"]
[BlackTeamCountry "CUB"]

1. d4 Nf6 2. Nf3 e6 3. c4 b6 4. a3 Bb7 5. Nc3 d5 6. cxd5 Nxd5 7. Bd2 Nd7 8. Nxd5 exd5 9. b4 Bd6 10. Bg5 Be7 11. Bxe7 Qxe7 12. e3 0-0 13. Bd3 c6 14. 0-0 g6 15. Qb3 1/2-1/2

[Event "EU-chT (Men) 15th"]
[Site "Gothenburg"]
[Date "2005.08.07"]
[Round "9.3"]
[White "Lputian, Smbat G"]
[Black "Sepp, Olav"]
[Result "1-0"]
[WhiteElo "2629"]
[BlackElo "2462"]
[PlyCount "93"]
[EventDate "2005.07.30"]
[EventType "team-swiss"]
[EventRounds "9"]
[EventCountry "SWE"]
[SourceTitle "CBM 109"]
[Source "ChessBase"]
[SourceDate "2005.11.14"]
[SourceVersion "1"]
[SourceVersionDate "2005.11.14"]
[SourceQuality "1"]
[WhiteTeam "Armenia"]
[BlackTeam "Estonia"]
[WhiteTeamCountry "ARM"]
[BlackTeamCountry "EST"]

1. d4 Nf6 2. c4 g6 3. Nc3 Bg7 4. e4 d6 5. Nf3 0-0 6. Be2 e5 7. 0-0 Na6 8. Re1 Qe8 9. Bf1 Bg4 10. d5 Nb4 11. Be2 a5 12. Be3 Na6 13. Nd2 Bxe2 14. Qxe2 Nh5 15. a3 Nf4 16. Qf1 a4 17. b4 axb3 18. Nxb3 b6 19. Nb5 Qd7 20. g3 Nh5 21. Qe2 f5 22. exf5 Rxf5 23. Nd2 c6 24. dxc6 Qxc6 25. Rad1 Rf7 26. Qd3 Bf8 27. Qe4 Qc8 28. Bxb6 Rb8 29. Be3 Nc5 30. Bxc5 Qxc5 31. Nf3 Nf6 32. Qe2 Rc8 33. Ng5 Rb7 34. Qf3 Rxb5 35. cxb5 Be7 36. Qb3+ d5 37. Rxe5 Kh8 38. Qe3 Ng4 39. Qxc5 Bxc5 40. Re2 Rf8 41. Rdd2 Rf5 42. Ne6 Bb6 43. Nd4 Rf8 44. Kg2 Ba5 45. Rd3 Bc7 46. Ne6 Re8 47. Rxd5 1-0